Statistics for Countries Closest to the Netherlands - 15 Second Sprint

Click here to take the quiz!

General Stats

  • This quiz has been taken 49 times
  • The average score is 5 of 20

Answer Stats

kmcountrymiles% Correct
0Belgium0
95%
0Germany0
93%
0France0
70%
133United Kingdom83
65%
64Luxembourg39
44%
200Denmark124
35%
445Austria276
16%
371Switzerland230
16%
494Norway307
14%
434Sweden269
12%
463Poland288
7%
27Venezuela17
7%
125Colombia78
5%
411Czechia256
5%
465Liechtenstein289
2%
13Saint Kitts and Nevis8
2%
119Antigua and Barbuda74
0%
259Dominica161
0%
431Saint Lucia268
0%
493Saint Vincent and
the Grenadines
306
0%

Score Distribution

Percentile by Number Answered

Percent of People with Each Score

Your Score History

You have not taken this quiz